Cartography Vocabulary - Statistics

General Stats
  • This quiz has been taken 59 times
  • The average score is 8 of 22
Answer Stats
Hint Answer % Correct
A person who creates maps. Cartographer
96%
The angular distance in degrees north or south from the equator. Latitude
73%
The angular distance in degrees east or west from a defined meridian, usually the Greenwich prime meridian. Longitude
71%
A written explanation of the symbols used on a map, showing the range of features included. Legend
67%
A pair or more numbers that specify a location with respect to a reference system, used to quantify positions on the area illustrated on a map. Coordinates
57%
The relationship between a distance or area on a map and the corresponding distance or area on the ground, expressed as a ratio or fraction. Scale
47%
Any network of parallel and perpendicular lines on a map used for reference. Grid
43%
A method by which the curved surface of the earth is portrayed on a flat surface using a mathematical transformation. Projection
43%
A line on a map that connects points of equal height. Contour
39%
The study and mapping of land surfaces, including relative position and height. Topography
39%
A circle of the earth that passes north-south through the poles. {Meridian} (of longitude)
35%
To examine and record the area and features of (an area of land), measuring physical or geometric characteristics. Survey
35%
A map that primarily displays public ways and transport links instead of natural geographical information. {Street} map
31%
A special-purpose map designed for navigation or to present specific data or information. Applied chiefly to maps made primarily for nautical and aeronautical navigation, and to maps of the heavens, although the term is sometimes used to describe other special-purpose maps. Chart
25%
A graphic representation of the spatial relationships of features and points within an area. Map
25%
A circle, or approximation of a circle, on the surface of the Earth, parallel to the equator. {Parallel} (of latitude)
16%
A map delineating the form of the bottom of a body of water, or a portion thereof, by the use of depth contours (isobaths). {Bathymetric} map
12%
A map showing by means of a coding system the various purposes for which parcels of land are being used by man. {Land use} map
12%
A map that shows an area small enough to not include the curvature of the Earth, e.g., a map of a town. Plan
12%
Elevations and depressions on the earth's surface, including the sea floor. Relief
12%
An ornamental frame on a map, usually around the title. Cartouche
10%
A diagram drawn to scale showing all essential data pertaining to the boundaries and subdivisions of a tract of land, as determined by survey or protraction. Plat
10%
No matching quizzes found
Score Distribution
Percent of People with Each Score
Percentile by Number Answered
Your Score History
You have not taken this quiz